000 00662nam a2200193Ia 4500
008 151121s9999||||xx |||||||||||||| ||und||
082 _a818/भालेरा
082 _bHNW-47986
100 _aभालेराव अनंत
245 _aआलो याचि कारणासी
260 _b"श्रीविद्या प्रकाशन, पुणे।"
260 _c--
300 _a154
600 _aभालेराव अनंत
630 _aआलो याचि कारणासी
700 _aभालेराव अनंत
730 _aआलो याचि कारणासी
942 _cBOOK
999 _c1233754
_d1233751